00286nam a2200109Ia 4500008004100000020001800041100001900059245004200078250001700120260002500137300001400162171211s9999 xx 000 0 und d a9780323311960 aLong, Bruce W. aMerrill's Pocket Guide to Radiography a13th Edition bElsevier, Inc.c2016 a359 pages